[Event "4NCL/Div3/MIN vs. BRJ"]
[Site "Wokefield Park ENG"]
[Date "2007.05.07"]
[Round "11.8"]
[White "Thomas, Nicola D"]
[Black "Chadwick, Susan E"]
[Result "1-0"]
[WhiteElo "1910"]
[BlackElo "1620"]
[PlyCount "67"]
[EventDate "2007.05.07"]
[EventType "team"]
[EventRounds "11"]
[EventCountry "ENG"]
[WhiteTeam "Brown Jack"]
[BlackTeam "Mind Sports"]

1. e4 e6 2. d4 d5 3. e5 c5 4. c3 Nc6 5. Nf3 Nge7 6. Na3 Nf5 7. Nc2 Be7 8. g4
Nh4 9. Nxh4 Bxh4 10. Rg1 f6 11. g5 O-O 12. gxf6 Bxf6 13. exf6 Qxf6 14. Be3 cxd4
15. cxd4 e5 16. dxe5 Qxe5 17. Rg5 Rf5 18. Rxf5 Bxf5 19. Nd4 Bg6 20. Rc1 Ne7 21.
Qg4 Rf8 22. Qe6+ Qxe6 23. Nxe6 Re8 24. Nd4 Nf5 25. Nxf5 Bxf5 26. Kd2 Rd8 27.
Bd4 Re8 28. Rc7 Kf8 29. Bxg7+ Kg8 30. Be2 Rd8 31. Rxb7 Bd7 32. Bd4 Bf5 33. Bh5
Rf8 34. Rg7+ 1-0

[Event "4NCL/Div3/WES2 vs. SLOS3"]
[Site "Wokefield Park ENG"]
[Date "2007.05.07"]
[Round "11.1"]
[White "Yeo, Michael J"]
[Black "Armstrong, Malcolm"]
[Result "1/2-1/2"]
[WhiteElo "2147"]
[BlackElo "2117"]
[PlyCount "121"]
[EventDate "2007.05.07"]
[EventType "team"]
[EventRounds "11"]
[EventCountry "ENG"]
[WhiteTeam "Wessex 2"]
[BlackTeam "Slough Sharks 3"]

1. e4 c6 2. d4 d5 3. e5 c5 4. c4 e6 5. Nf3 Nc6 6. Nc3 cxd4 7. Nxd4 dxc4 8. Nxc6
Qxd1+ 9. Kxd1 bxc6 10. Bxc4 Ne7 11. Bd2 Nd5 12. Ne4 Be7 13. Rc1 Bd7 14. Bb3 Rb8
15. Nc5 Bxc5 16. Rxc5 Ke7 17. Ke2 Rhc8 18. Rhc1 f6 19. Bc3 Nxc3+ 20. R1xc3 Rb5
21. f4 Rcb8 22. Rc2 a5 23. Rxb5 Rxb5 24. Bc4 Rc5 25. a3 a4 26. Bd3 Ra5 27.
exf6+ gxf6 28. Bxh7 Rh5 29. Be4 Rxh2 30. Rc4 c5 31. Rxc5 Kd6 32. Ra5 f5 33. Bf3
Rh1 34. Kd2 Rh4 35. Ke3 Rh1 36. Ra6+ Kc5 37. Ra7 Bb5 38. Rc7+ Kd6 39. Rc2 Rh4
40. Rd2+ Kc5 41. g3 Rh3 42. Kf2 Rh2+ 43. Bg2 Bc4 44. Kg1 Rh8 45. Bf3 Bb3 46.
Kf2 Rh2+ 47. Ke3 Rh3 48. Rg2 Bc4 49. Rc2 Kb5 50. Bc6+ Kxc6 51. Rxc4+ Kb5 52.
Rb4+ Ka5 53. Kd4 Rxg3 54. Kc5 Rg2 55. Rb8 Rc2+ 56. Kd6 Re2 57. Re8 Kb5 58. Rxe6
Rxb2 59. Re5+ Kc4 60. Rxf5 Kb3 61. Ra5 1/2-1/2

[Event "4NCL/Div3/WES2 vs. SLOS3"]
[Site "Wokefield Park ENG"]
[Date "2007.05.07"]
[Round "11.2"]
[White "Purton, Ben J"]
[Black "Jenks, Bruce"]
[Result "0-1"]
[WhiteElo "2112"]
[BlackElo "2127"]
[PlyCount "84"]
[EventDate "2007.05.07"]
[EventType "team"]
[EventRounds "11"]
[EventCountry "ENG"]
[WhiteTeam "Slough Sharks 3"]
[BlackTeam "Wessex 2"]

1. d4 Nf6 2. Nf3 c5 3. dxc5 e6 4. a3 Bxc5 5. b4 Be7 6. e3 O-O 7. Bd3 a5 8. b5
d6 9. Bb2 Nbd7 10. c4 b6 11. Nbd2 Bb7 12. Rc1 Rc8 13. O-O Qc7 14. Bb1 Qc5 15.
Ne1 Rfd8 16. e4 Qh5 17. f3 d5 18. Qe2 dxe4 19. Nxe4 Nxe4 20. Bxe4 Bxe4 21. Qxe4
Nc5 22. Qc2 Rd7 23. Rd1 Bd6 24. g3 Rcd8 25. Ng2 Nd3 26. Bd4 Bxg3 27. hxg3 Rxd4
28. f4 Qc5 29. Kh2 Qxc4 30. Qxc4 Rxc4 31. Rd2 Rcd4 32. Rfd1 R4d7 33. Ne3 Nc5
34. Rxd7 Rxd7 35. Rc1 f6 36. Nc4 Na4 37. Re1 Rd4 38. Nxb6 Nxb6 39. Rxe6 Nc4 40.
Rc6 Nxa3 41. b6 Rb4 42. f5 h6 0-1

[Event "4NCL/Div3/WES2 vs. SLOS3"]
[Site "Wokefield Park ENG"]
[Date "2007.05.07"]
[Round "11.3"]
[White "Rutter, Nicholas"]
[Black "Linford, Charles"]
[Result "0-1"]
[WhiteElo "2177"]
[BlackElo "2141"]
[PlyCount "104"]
[EventDate "2007.05.07"]
[EventType "team"]
[EventRounds "11"]
[EventCountry "ENG"]
[WhiteTeam "Wessex 2"]
[BlackTeam "Slough Sharks 3"]

1. e4 c5 2. Nf3 e6 3. d4 cxd4 4. Nxd4 Nc6 5. Nc3 a6 6. Be3 Qc7 7. Bd3 Nf6 8.
O-O Be7 9. Kh1 b5 10. Nxc6 dxc6 11. a4 Bb7 12. f3 h5 13. Bg1 g5 14. axb5 cxb5
15. Qe2 h4 16. Bd4 Rh6 17. Bxf6 Bxf6 18. Rfd1 Rd8 19. e5 Bxe5 20. Nxb5 axb5 21.
Bxb5+ Ke7 22. Rxd8 Kxd8 23. Rd1+ Kc8 24. Rd7 Qc5 25. Rxf7 h3 26. g3 Kb8 27. Ba6
Bc6 28. Bd3 Rf6 29. Rxf6 Bxf6 30. Be4 Bxb2 31. Bxc6 Qxc6 32. Kg1 Bd4+ 33. Kf1
g4 34. Ke1 gxf3 35. Qd3 f2+ 36. Ke2 e5 37. Qb3+ Ka7 38. Qd3 Qa6 39. c4 Qa2+ 40.
Kf3 Kb6 41. Kg4 Qa1 42. Qb3+ Kc7 43. c5 f1=Q 44. Qb6+ Kd7 45. Qd6+ Ke8 46. Qe6+
Kf8 47. Qh6+ Kf7 48. Qh7+ Ke6 49. Qg6+ Qf6 50. Qe8+ Qe7 51. Qc6+ Kf7 52. Kh5
Qb1 0-1

[Event "4NCL/Div3/WES2 vs. SLOS3"]
[Site "Wokefield Park ENG"]
[Date "2007.05.07"]
[Round "11.4"]
[White "Foster, James J"]
[Black "Pleasants, Allan J"]
[Result "1-0"]
[WhiteElo "2067"]
[BlackElo "2083"]
[PlyCount "75"]
[EventDate "2007.05.07"]
[EventType "team"]
[EventRounds "11"]
[EventCountry "ENG"]
[WhiteTeam "Slough Sharks 3"]
[BlackTeam "Wessex 2"]

1. c4 Nf6 2. Nc3 b6 3. e4 Bb7 4. e5 Ne4 5. Nxe4 Bxe4 6. Qg4 Bb7 7. d4 g6 8. f4
Bg7 9. Bd3 d6 10. e6 O-O 11. exf7+ Rxf7 12. Nf3 Qd7 13. Qg3 Qe6+ 14. Kd1 Qf6
15. d5 b5 16. Re1 Bh6 17. Re6 Qh8 18. f5 Bxc1 19. Kxc1 bxc4 20. fxg6 hxg6 21.
Rxg6+ Kf8 22. Bxc4 Rf6 23. Kc2 Na6 24. a3 Bc8 25. Nh4 Rf7 26. Bb5 Rb8 27. a4
Nb4+ 28. Kb3 c6 29. dxc6 Nxc6 30. Rxd6 Nd4+ 31. Rxd4 Rxb5+ 32. axb5 Qxd4 33.
Ng6+ Ke8 34. Rc1 Be6+ 35. Ka3 Rf5 36. Rc7 Rxb5 37. Rxe7+ Kd8 38. Qc7# 1-0

[Event "4NCL/Div3/WES2 vs. SLOS3"]
[Site "Wokefield Park ENG"]
[Date "2007.05.07"]
[Round "11.5"]
[White "Pym, Thomas W"]
[Black "Varnam, Liam D"]
[Result "1-0"]
[WhiteElo "2059"]
[BlackElo "2042"]
[PlyCount "51"]
[EventDate "2007.05.07"]
[EventType "team"]
[EventRounds "11"]
[EventCountry "ENG"]
[WhiteTeam "Wessex 2"]
[BlackTeam "Slough Sharks 3"]

1. e4 e5 2. Nf3 Nc6 3. Bb5 a6 4. Ba4 Nf6 5. Qe2 b5 6. Bb3 Bc5 7. c3 O-O 8. O-O
d6 9. Rd1 Bg4 10. h3 Bxf3 11. Qxf3 Qe7 12. d3 Bb6 13. Bg5 Na5 14. Bc2 c5 15.
Nd2 Bd8 16. Nf1 Qe6 17. Ne3 h6 18. Bh4 Nh7 19. Bg3 g6 20. d4 Rc8 21. dxe5 dxe5
22. Rd5 Ng5 23. Qd1 f6 24. Rd6 Qe8 25. Rxa6 Nf7 26. Qg4 1-0

[Event "4NCL/Div3/WES2 vs. SLOS3"]
[Site "Wokefield Park ENG"]
[Date "2007.05.07"]
[Round "11.6"]
[White "Edgell, Ben P"]
[Black "Clark, Ian C"]
[Result "1/2-1/2"]
[WhiteElo "2060"]
[BlackElo "2124"]
[PlyCount "43"]
[EventDate "2007.05.07"]
[EventType "team"]
[EventRounds "11"]
[EventCountry "ENG"]
[WhiteTeam "Slough Sharks 3"]
[BlackTeam "Wessex 2"]

1. d4 Nf6 2. Nf3 d5 3. g3 Bg4 4. Bg2 e6 5. O-O Be7 6. c4 O-O 7. Qb3 b6 8. Nc3
Bxf3 9. Bxf3 Nc6 10. Qd1 Rc8 11. Bg5 h6 12. Bxf6 Bxf6 13. e3 Ne7 14. cxd5 exd5
15. Qb3 c6 16. Rfc1 g6 17. a4 Bg7 18. Qa3 c5 19. dxc5 bxc5 20. Rd1 d4 21. Rac1
Qb6 22. exd4 1/2-1/2

[Event "4NCL/Div3/WES2 vs. SLOS3"]
[Site "Wokefield Park ENG"]
[Date "2007.05.07"]
[Round "11.7"]
[White "Gregory, Keith D"]
[Black "Makepeace, Philip J"]
[Result "1-0"]
[WhiteElo "2079"]
[BlackElo "1965"]
[PlyCount "71"]
[EventDate "2007.05.07"]
[EventType "team"]
[EventRounds "11"]
[EventCountry "ENG"]
[WhiteTeam "Wessex 2"]
[BlackTeam "Slough Sharks 3"]

1. Nf3 Nf6 2. c4 d6 3. g3 c6 4. Bg2 g6 5. O-O Bg7 6. Nc3 O-O 7. Rb1 Qc7 8. d3
b6 9. b4 Bb7 10. b5 c5 11. e4 e6 12. Qe2 Nbd7 13. Bb2 Ng4 14. h3 Nge5 15. Ne1
g5 16. Nd1 f5 17. f4 gxf4 18. gxf4 Nf7 19. exf5 exf5 20. Bxg7 Kxg7 21. Ne3 Nh6
22. Qb2+ Nf6 23. Bxb7 Qxb7 24. Nf3 Rae8 25. Rbe1 Kh8 26. Kf2 Qg7 27. Qa1 Nhg4+
28. hxg4 fxg4 29. Nf5 Rxe1 30. Rxe1 Qg6 31. N3h4 g3+ 32. Kg2 Qg4 33. Re6 h5 34.
Rxf6 Qe2+ 35. Kxg3 Qxd3+ 36. Kh2 1-0

[Event "4NCL/Div3/BRI2 vs. CHEDP"]
[Site "Wokefield Park ENG"]
[Date "2007.05.07"]
[Round "11.1"]
[White "Richardt, Mike"]
[Black "Bellin, Robert"]
[Result "1/2-1/2"]
[WhiteElo "2090"]
[BlackElo "2385"]
[PlyCount "82"]
[EventDate "2007.05.07"]
[EventType "team"]
[EventRounds "11"]
[EventCountry "ENG"]
[WhiteTeam "Bristol 2"]
[BlackTeam "Cheddleton"]

1. d4 e6 2. e4 d5 3. e5 c5 4. c3 Nc6 5. Be3 Qb6 6. Qd2 cxd4 7. cxd4 Bd7 8. Nf3
Rc8 9. Be2 Bb4 10. Nc3 Na5 11. O-O Nc4 12. Bxc4 Rxc4 13. Rfc1 Ne7 14. a3 Bxc3
15. Rxc3 Rxc3 16. Qxc3 O-O 17. Rc1 Rc8 18. Qd2 Rxc1+ 19. Qxc1 Bb5 20. Nd2 Qc6
21. Qxc6 Nxc6 22. f4 f6 23. Kf2 Kf7 24. Nf3 Bd3 25. Bd2 Be4 26. Bc3 h6 27. Nd2
Bc2 28. Nf1 g5 29. g3 f5 30. Ne3 Be4 31. Nd1 Kg6 32. Ke3 Bc2 33. Nf2 Kh5 34.
Bb4 Kg6 35. Bc3 a5 36. Kd2 Be4 37. Ke3 a4 38. Bb4 Kf7 39. Nd1 Bc2 40. Nc3 Kg6
41. Ne2 Kh5 1/2-1/2

[Event "4NCL/Div3/BRI2 vs. CHEDP"]
[Site "Wokefield Park ENG"]
[Date "2007.05.07"]
[Round "11.2"]
[White "Wallace, Paul A"]
[Black "Collier, David O"]
[Result "1-0"]
[WhiteElo "2278"]
[BlackElo "2150"]
[PlyCount "105"]
[EventDate "2007.05.07"]
[EventType "team"]
[EventRounds "11"]
[EventCountry "ENG"]
[WhiteTeam "Cheddleton"]
[BlackTeam "Bristol 2"]

1. e4 e6 2. d4 d5 3. Nd2 dxe4 4. Nxe4 Nd7 5. Nf3 Ngf6 6. Nxf6+ Nxf6 7. Bg5 c5
8. dxc5 Qxd1+ 9. Rxd1 Bxc5 10. Be2 h6 11. Bh4 a6 12. Ne5 Nd7 13. Nc4 g5 14. Bg3
Ke7 15. h4 Rg8 16. hxg5 hxg5 17. Nd6 Nf6 18. Rh6 b5 19. Be5 Nd7 20. Bg3 Nf6 21.
a3 Rd8 22. Bf3 Ra7 23. Be5 Nd7 24. Nxf7 Rf8 25. Bd6+ Kxf7 26. Bh5+ Kg7 27. Rg6+
Kh7 28. Bxf8 Nxf8 29. Rxg5 Be7 30. Rg3 Rd7 31. Rxd7 Bxd7 32. Be2 Bf6 33. c4
Bxb2 34. cxb5 axb5 35. Rb3 Bd4 36. Bxb5 Bxb5 37. Rxb5 Kg6 38. a4 Nd7 39. a5 Ne5
40. Ke2 Kf6 41. a6 Nc6 42. f4 Bg1 43. Kd3 Na7 44. Rb1 Bf2 45. Ke4 Nc8 46. g4
Nd6+ 47. Kf3 Ba7 48. Rd1 Nb5 49. Rd7 Bc5 50. Rb7 Na7 51. Ke4 Bg1 52. g5+ Kg6
53. Re7 1-0

[Event "4NCL/Div3/BRI2 vs. CHEDP"]
[Site "Wokefield Park ENG"]
[Date "2007.05.07"]
[Round "11.3"]
[White "Pickering, Andy"]
[Black "Shaw, Robert"]
[Result "0-1"]
[WhiteElo "2140"]
[BlackElo "2291"]
[PlyCount "80"]
[EventDate "2007.05.07"]
[EventType "team"]
[EventRounds "11"]
[EventCountry "ENG"]
[WhiteTeam "Bristol 2"]
[BlackTeam "Cheddleton"]

1. e4 e5 2. Nf3 Nc6 3. Bb5 a6 4. Ba4 Nf6 5. O-O Be7 6. Re1 b5 7. Bb3 d6 8. c3
O-O 9. d4 Bg4 10. Be3 Qc8 11. Nbd2 Na5 12. Bc2 c5 13. dxe5 dxe5 14. h3 Bh5 15.
g4 Nxg4 16. hxg4 Qxg4+ 17. Kh2 Rad8 18. Rg1 Rxd2 19. Qxd2 Qxf3 20. Qd7 Qf6 21.
Bg5 Qxf2+ 22. Rg2 Qxg2+ 23. Kxg2 Bxg5 24. Qf5 h6 25. b3 Rd8 26. Rf1 Nc6 27. Kh1
b4 28. cxb4 cxb4 29. Qh3 Bg6 30. Bd3 Nd4 31. Qg2 Ne6 32. Bxa6 Nc5 33. Bc4 Bxe4
34. Rf3 Rd1+ 35. Kh2 Rd2 36. Be2 Ne6 37. Qf1 Bxf3 38. Qxf3 Nd4 39. Qa8+ Kh7 40.
Qe4+ f5 0-1

[Event "4NCL/Div3/BRI2 vs. CHEDP"]
[Site "Wokefield Park ENG"]
[Date "2007.05.07"]
[Round "11.4"]
[White "McKenna, Jason P"]
[Black "Dilleigh, Stephen P"]
[Result "0-1"]
[WhiteElo "2147"]
[BlackElo "2120"]
[PlyCount "38"]
[EventDate "2007.05.07"]
[EventType "team"]
[EventRounds "11"]
[EventCountry "ENG"]
[WhiteTeam "Cheddleton"]
[BlackTeam "Bristol 2"]

1. e4 e6 2. d4 d5 3. Nc3 Nf6 4. e5 Nfd7 5. f4 c5 6. Nf3 Nc6 7. Be3 Be7 8. Qd2
O-O 9. O-O-O c4 10. Ne2 b5 11. h4 b4 12. Kb1 c3 13. Qc1 cxb2 14. Qxb2 Nb6 15.
Bc1 Na4 16. Qb3 Qa5 17. Bb2 Ba6 18. Nd2 Bxe2 19. Bxe2 Nc3+ 0-1

[Event "4NCL/Div3/BRI2 vs. CHEDP"]
[Site "Wokefield Park ENG"]
[Date "2007.05.07"]
[Round "11.5"]
[White "Humphreys, Jerry"]
[Black "Berglitz, Regina H"]
[Result "1/2-1/2"]
[WhiteElo "2116"]
[BlackElo "2090"]
[PlyCount "71"]
[EventDate "2007.05.07"]
[EventType "team"]
[EventRounds "11"]
[EventCountry "ENG"]
[WhiteTeam "Bristol 2"]
[BlackTeam "Cheddleton"]

1. e4 d5 2. exd5 Qxd5 3. Nc3 Qa5 4. d4 c6 5. Bd3 Nf6 6. Nge2 Bg4 7. O-O e6 8.
Bd2 Qc7 9. f3 Bh5 10. Ne4 Nxe4 11. fxe4 Nd7 12. Qe1 e5 13. d5 Nc5 14. Ng3 Nxd3
15. cxd3 Bg4 16. dxc6 Qxc6 17. Kh1 Bc5 18. Rc1 Qd6 19. Bc3 O-O 20. Nf5 Bxf5 21.
Rxf5 f6 22. Qd1 b6 23. Rh5 Rad8 24. Rh3 Rd7 25. Qg4 Qe7 26. Rf1 Rfd8 27. Rff3
Bb4 28. Qf5 g6 29. Bxb4 Qxb4 30. Qxf6 Qxb2 31. Qe6+ Kh8 32. Rf1 Qd4 33. Qxg6
Qd6 34. Qxd6 Rxd6 35. Rf7 Rxd3 36. Rhxh7+ 1/2-1/2

[Event "4NCL/Div3/BRI2 vs. CHEDP"]
[Site "Wokefield Park ENG"]
[Date "2007.05.07"]
[Round "11.6"]
[White "Bennett, Patrick"]
[Black "Curtis, John"]
[Result "1/2-1/2"]
[WhiteElo "2142"]
[BlackElo "2121"]
[PlyCount "44"]
[EventDate "2007.05.07"]
[EventType "team"]
[EventRounds "11"]
[EventCountry "ENG"]
[WhiteTeam "Cheddleton"]
[BlackTeam "Bristol 2"]

1. d4 Nf6 2. Nf3 c5 3. e3 g6 4. Bd3 Bg7 5. O-O O-O 6. Nbd2 b6 7. Re1 d6 8. c3
Nc6 9. Nf1 Qc7 10. h3 e5 11. Ng3 d5 12. dxe5 Nxe5 13. Nxe5 Qxe5 14. Bd2 Ne4 15.
f4 Qe7 16. Nxe4 dxe4 17. Bc4 Be6 18. Be2 Rfd8 19. Qc2 f5 20. c4 Rd6 21. Rad1
Rad8 22. Bc3 Rxd1 1/2-1/2

[Event "4NCL/Div3/BRI2 vs. CHEDP"]
[Site "Wokefield Park ENG"]
[Date "2007.05.07"]
[Round "11.7"]
[White "Hunt-Grubbe, Henry"]
[Black "Butterworth, Andrew"]
[Result "0-1"]
[WhiteElo "2010"]
[BlackElo "2095"]
[PlyCount "90"]
[EventDate "2007.05.07"]
[EventType "team"]
[EventRounds "11"]
[EventCountry "ENG"]
[WhiteTeam "Bristol 2"]
[BlackTeam "Cheddleton"]

1. d4 Nf6 2. Nc3 d5 3. Bg5 Nbd7 4. Nf3 c6 5. e3 Qa5 6. Bxf6 Nxf6 7. Nd2 Bf5 8.
Nb3 Qc7 9. Bd3 Bxd3 10. Qxd3 e5 11. f3 Bd6 12. O-O-O O-O 13. g4 e4 14. Qe2 exf3
15. Qxf3 Rfe8 16. Kb1 Qe7 17. Rde1 Ne4 18. Nxe4 Qxe4 19. Qf5 Re7 20. Nd2 Qxf5
21. gxf5 Rae8 22. e4 dxe4 23. Re2 Bf4 24. Rhe1 Bxd2 25. Rxd2 e3 26. Rde2 g6 27.
fxg6 hxg6 28. c3 f5 29. Rf1 Kg7 30. h4 Kf6 31. Kc2 Re4 32. Kd3 Rxh4 33. Rxe3
Rxe3+ 34. Kxe3 Rh2 35. Rb1 g5 36. a4 f4+ 37. Ke4 Re2+ 38. Kf3 Re3+ 39. Kf2 Rh3
40. a5 g4 41. Rg1 Kf5 42. Re1 Rh2+ 43. Kg1 Rxb2 44. Re5+ Kf6 45. a6 bxa6 0-1

[Event "4NCL/Div3/BRI2 vs. CHEDP"]
[Site "Wokefield Park ENG"]
[Date "2007.05.07"]
[Round "11.8"]
[White "Kirby, Peter J"]
[Black "Menard, Marie"]
[Result "1/2-1/2"]
[WhiteElo "2056"]
[BlackElo "1824"]
[PlyCount "77"]
[EventDate "2007.05.07"]
[EventType "team"]
[EventRounds "11"]
[EventCountry "ENG"]
[WhiteTeam "Cheddleton"]
[BlackTeam "Bristol 2"]

1. e4 c5 2. Nf3 d6 3. Bb5+ Bd7 4. Bxd7+ Qxd7 5. c4 Nc6 6. d4 cxd4 7. Nxd4 Nf6
8. Nc3 e6 9. O-O Be7 10. b3 O-O 11. Bb2 Rac8 12. Qd2 Rfd8 13. Rad1 a6 14. a4
Na5 15. Nce2 Qc7 16. Bc3 Nc6 17. Qd3 Ne5 18. Qb1 d5 19. exd5 exd5 20. Nf5 dxc4
21. Neg3 Bf8 22. bxc4 Nfd7 23. Qa1 f6 24. Ne3 Nxc4 25. Nd5 Qc6 26. Rfe1 Nde5
27. Bxe5 Rxd5 28. Rxd5 Qxd5 29. Bf4 Bd6 30. Rd1 Qc6 31. Bxd6 Nxd6 32. Qa2+ Qc4
33. Qa3 Ne4 34. Qe7 Nxg3 35. hxg3 Qf7 36. Rd8+ Rxd8 37. Qxd8+ Qf8 38. Qd5+ Qf7
39. Qd8+ 1/2-1/2